000 01575nam a2200361 a 4500
001 ebr10520049
003 CaPaEBR
006 m u
007 cr cn|||||||||
008 111219s2012 dcua sb 000 0 eng d
010 _z 2011276069
020 _z9780821384909 (pbk.)
020 _z0821384902 (pbk.)
020 _z9780821389119 (e-book)
040 _aCaPaEBR
_cCaPaEBR
035 _a(OCoLC)773176964
043 _aae-----
050 1 4 _aLA1143
_b.P87 2012eb
082 0 4 _a378.5
_222
245 0 0 _aPutting higher education to work
_h[electronic resource] :
_bskills and research for growth in East Asia.
260 _aWashington, D.C. :
_bWorld Bank ;
_aLondon :
_bEurospan [distributor],
_cc2012.
300 _axix, 222 p. :
_bcol. ill.
490 1 _aWorld Bank East Asia and Pacific Regional Report
500 _a"Written by Emanuela di Gropello (lead author), Prateek Tandon, and Shahid Yusuf, with significant contributions from many others."--P. xv.
504 _aIncludes bibliographical references (p. 213-222).
533 _aElectronic reproduction.
_bPalo Alto, Calif. :
_cebrary,
_d2012.
_nAvailable via World Wide Web.
_nAccess may be limited to ebrary affiliated libraries.
650 0 _aEducation, Higher
_zEast Asia.
655 7 _aElectronic books.
_2local
700 1 _aDi Gropello, Emanuela.
710 2 _aebrary, Inc.
830 0 _aReport (World Bank. East Asia and Pacific Regional Office)
856 4 0 _uhttp://site.ebrary.com/lib/rucke/Doc?id=10520049
_zAn electronic book accessible through the World Wide Web; click to view
999 _c236924
_d236924